Statystyki dla Państwa, które pokonały Arabię Saudyjską

Kliknij tutaj aby rozwiązać quiz!

Ogólne statystyki

  • Ten quiz został rozwiązany 38 razy
  • Średni wynik to 13 z 16

Statystyki odpowiedzi

RangaKategoriaKraj% Poprawnych
3Większa produkcja ropy naftowej (2018)Stany Zjednoczone | Rosja
100%
5Większy powierzchniowo kraj zaczynający się na literę AAlgieria | Argentyna | Australia
94%
4Więcej egzekucji (2015-2018)Chiny | Korea Północna | Iran
94%
6Większa ilość rodzimych użytkowników języka arabskiegoEgipt | Algieria | Sudan | Irak | Jemen | Maroko
94%
8Mniejszy procent terytorium zalesionego
* z wyłączeniem krajów <100 km2
Katar | Oman | Egipt | Libia | Mauretania | Dżibuti | Kuwejt
94%
4Bardziej na zachód wysunięte państwo w AzjiTurcja | Cypr | Izrael
94%
3Wyższy budynekZjednoczone Emiraty Arabskie | Chiny
91%
10Wyższe HDI w Azji
* HDI mierzy zdrowie, edukację i dochód
Singapur | Japonia | Izrael | Korea Południowa | Tajwan | Cypr | Zjednoczone Emiraty Arabskie | Katar | Brunei
85%
6Gorętsza kiedykolwiek zarejestrowana temperaturaStany Zjednoczone | Kuwejt | Irak | Iran | Pakistan | Meksyk
82%
3Większy obszar lądowy z pustyniąAustralia | Algieria
79%
4Kraj pochodzenia większej ilości bojowników ISIS
* Centrum Soufan, październik 2017
Irak | Syria | Rosja
79%
4Większy pod względem powierzchni wśród
krajów leżących na Zwrotniku Raka
Chiny | Indie | Algieria
76%
22Większa ilość żołnierzy na mieszkańcaKorea Północna | Erytrea | Izrael | Sudan Południowy |
Brunei | Armenia | Grecja | Korea Południowa | Oman | Singapur | Cypr | Dżibuti |
Sri Lanka | Liban | Jordania | Kambodża |
Mjanma | Litwa | Syria |
Katar | Tajwan
76%
15Większa ilość imigrantów na mieszkańca
* niekoniecznie obywatele
Watykan | Zjednoczone Emiraty
Arabskie | Kuwejt | Katar | Liechtenstein |
Monako | Andora |
Bahrajn | Brunei | Singapur | Oman |
Luksemburg | Liban | Jordania
62%
4Większy suwerenny fundusz majątkowyChiny | Zjednoczone Emiraty Arabskie | Norwegia
44%
2Bardziej sprawdzone zasoby ropyWenezuela
44%

Rozkład punktacji

Percentyl według liczby udzielonych odpowiedzi

Procent ludzi z każdym wynikiem

Twoja historia wyników

Nie rozwiązałeś tego quizu